| 000 | 00575nam a2200181 i 4500 | ||
|---|---|---|---|
| 001 | 87245 | ||
| 003 | ES-MaACL | ||
| 005 | 20230906175628.0 | ||
| 007 | t| | ||
| 008 | 041220s1965 ag ||||1| spa d | ||
| 100 | 1 |
_aKnowles, Malcolm. _968375 |
|
| 245 | 1 | 0 |
_aCómo adiestrar mejores dirigentes / _cMalcolm y Hulda Knowles ; [traducción por Enrique Alt]. |
| 260 |
_aBuenos Aires : _bEditorial Bibliográfica-Argentina, _c[1965] |
||
| 300 |
_a77 p. ; _c20 cm. |
||
| 700 | 1 |
_aKnowles, Hulda. _968373 |
|
| 700 | 1 |
_aAlt, Enrique. _920501 |
|
| 852 |
_aES-MaACL _jC-28827 _bR.58298 |
||
| 999 |
_c87245 _d87245 |
||